Normal view
MARC view
- Wu-Pong, Susanna.
Entry Personal Name
001 - CONTROL NUMBER
- control field: 2893
003 - CONTROL NUMBER IDENTIFIER
- control field: NUST
005 - DATE AND TIME OF LATEST TRANSACTION
- control field: 20170620121149.0
008 - FIXED-LENGTH DATA ELEMENTS
- fixed length control field: 170620|| aca||aabn | a|a d
040 ## - CATALOGING SOURCE
- Original cataloging agency: NUST
- Transcribing agency: NUST
100 ## - HEADING--PERSONAL NAME
- Personal name: Wu-Pong, Susanna.
670 ## - SOURCE DATA FOUND
- Source citation: Work cat.: (NUST)0: Shargel, Leon, 1941- 2889, Applied biopharmaceutics & pharmacokinetics /, c2005.
